LEADER 01100nam a2200265 4500 001 000000341869 003 CaOOAMICUS 005 20250520082821.0 008 200904s2020 it 000 u ita r 020 $a978-88-6894-391-2 040 $aSeMil$bita 100 1 $aCastellucci, Erio,$c.$0(OLS)http://semarc/name/5820 245 10$aServi del Vangelo :$bpresbiteri collaboratori della gioia /$cErio Castellucci. 264 1$aMilano :$bCentro Ambrosiano,$c2020. 300 $a139 p. ;$c21 cm 650 4$aSacerdozio.$0(OLS)http://semarc/subject/255 830 0$aPreti per domani.$0(OLS)http://semarc/title/430756 850 $aSeMil 852 $aSeMil$W1$xVenegono$y1$m2KA V 1$j228166$B232916$CSeMilBibl$Z2$F232916 $81 941 1 $a7 961 $aFondo mons. Mario Delpini 996 $6020$a978-88-6894-391-2$9(OLS)http://semarc/number/291149 996 $6245$aServi del Vangelo :$bpresbiteri collaboratori della gioia$9(OLS)http://semarc/title/430757 996 $6264$aMilano :$bCentro Ambrosiano$9(OLS)http://semarc/publisher/29766 LEADER 01515nam a2200277 i 4500 001 000000244636 003 CaOOAMICUS 005 20151030000000.0 008 151030s2015 it u000 u ita u 013 $a223541 020 $a978-88-307-2323-8 040 $aSeMil$bita 245 10$a«Alzati e va' a Ninive, la grande città» dove il Vangelo si fa incontro :$batti del 4. Convegno missionario nazionale : Sacrofano (Roma), 20-23 novembre 2014. 260 $aBologna :$bEMI,$c2015. 300 $a335 p., [4] p. di tav. ;$c21 cm. 490 0 $aDocuMissio ;$v4 500 $aIn testa al front : Missio : organismo pastorale della CEI ; Cums : Centro unitario per la cooperazione missionaria fra le chiese ; Ufficio Nazionale per la cooperazione nazionale tra le chiese. 650 4$aMissioni - Studi.$0(OLS)http://semarc/subject/7759 700 1 $aConvegno Missionario Nazionale <4. ; 2014 ; Sacrofano (Roma)>.$0(OLS)http://semarc/name/82450 830 0$aDocuMissio ;$v4.$0(OLS)http://semarc/title/43965 850 $aSeMil 852 $aSeMil$W1$xVenegono$y1$m3E I 343$j194982$B194982$CSeMilBibl$Z2$F207374 $81 961 $aOmaggio: Delpini mons. Mario 996 $6020$a978-88-307-2323-8$9(OLS)http://semarc/number/252967 996 $6245$a«Alzati e va' a Ninive, la grande città» dove il Vangelo si fa incontro :$batti del 4. Convegno missionario nazionale : Sacrofano (Roma), 20-23 novembre 2014$9(OLS)http://semarc/title/346531 996 $6260$aBologna :$bEMI$9(OLS)http://semarc/publisher/29618 LEADER 01190nam a2200301 i 4500 001 000000186270 003 CaOOAMICUS 005 20190510114710.0 008 100224s1961 it u000 u ita u 013 $a164317 040 $aSeMil$bita 100 1 $aPlus, Raoul,$c.$0(OLS)http://semarc/name/7011 245 10$aGesù Cristo nei nostri fratelli /$cRodolfo Plus. 250 $a10. Ed. 260 $aTorino :$bMarietti,$c1961. 300 $aVIII, 296 p. ;$c17 cm. 490 0 $aSicut Stellae ;$v11 600 04$aGesù Cristo.$0(OLS)http://semarc/subject/712 650 4$aApostolato - Spiritualità.$0(OLS)http://semarc/subject/7685 650 4$aSolidarietà.$0(OLS)http://semarc/subject/5998 650 4$aCarità.$0(OLS)http://semarc/subject/3104 650 4$aUnità.$0(OLS)http://semarc/subject/12651 830 0$aSicut Stellae ;$v11.$0(OLS)http://semarc/title/30812 850 $aSeMil 852 $aSeMil$W1$xVenegono$y1$m3F V 334$j136957$B136957$CSeMilBibl$Z2$F148509 $81 996 $6245$aGesù Cristo nei nostri fratelli$9(OLS)http://semarc/title/267745 996 $6260$aTorino :$bMarietti$9(OLS)http://semarc/publisher/29916